Guess the 90s Song From the Music Video #2 - Statistics

General Stats
  • This quiz has been taken 50 times
  • The average score is 11 of 16
Answer Stats
Picture Answer % Correct
Britney Spears / Baby One More Time
98%
Michael Jackson / Black or White
91%
Nirvana / Smells Like Teen Spirit
91%
Whitney Houston / I Will Always Love You
89%
Aqua / Barbie Girl
81%
Backstreet Boys / I Want It That Way
81%
Mariah Carey / All I Want For Christmas Is You
81%
Cher / Believe
79%
Ice Cube / It was a good day
79%
The Verve / Bitter Sweet Symphony
74%
Sinead O'Connor / Nothing Compares 2 U
68%
4 Non Blondes / What's Up
57%
Jamiroquai / Virtual Insanity
55%
Crazy Town / Butterfly
38%
Sade / No Ordinary Love
21%
Björk / All is full of Love
9%
No matching quizzes found
Score Distribution
Percent of People with Each Score
Percentile by Number Answered
Your Score History
You have not taken this quiz